| 000 | 00991 a2200193 4500 | ||
|---|---|---|---|
| 001 | 39718 | ||
| 005 | 20260407155654.0 | ||
| 008 | 260407a1965 arg spa d | ||
| 003 | AR-UNSa-BCEJYS | ||
| 040 |
_aAR-UNSa-BCEJYS _bspa _cAR-UNSa-BCEJYS |
||
| 080 |
_a913(82) _xGeografía de Argentina |
||
| 245 | 1 | 0 | _aGeografía política y económica de la República Argentina |
| 264 | 1 |
_aBuenos Aires : _bKapelusz _c1965 |
|
| 300 |
_a317 p. _c22 cm. |
||
| 505 | _a1. Poblamiento del territorio argentino - 2. Etapas en el dominnio del territorio - 3. Población - 4. Urbanismo - 5. Los factores naturales en la economía argentina - 6. Hdrología económica - 7. Agricultura - 8. Explotación forestal - 9. Ganadería - 10. Pesca comercial, animales pilíferos y productos de granja - 11. Minería - 12. Energía eléctrica - 13. Comunicaciones y transportes - 14. Industria - 15. El comercio exterior. | ||
| 942 | _cBK | ||
| 590 | _aniveau_biblio:m niveau_hierar:0 | ||
| 100 | 1 | _aArnolds, Alfonso | |
| 999 |
_c3099 _d3099 |
||